Dieux en societes : le religieux et le politique

Αποθηκεύτηκε σε:
Λεπτομέρειες βιβλιογραφικής εγγραφής
Άλλοι συγγραφείς: Figuier, Richard (Επιμελητής έκδοσης)
Μορφή: Βιβλίο
Γλώσσα:French
Δημοσίευση: Paris : Autrement, 1992
Σειρά:Mutations ; ; 127
Θέματα:
Ετικέτες: Προσθήκη ετικέτας
Δεν υπάρχουν, Καταχωρήστε ετικέτα πρώτοι!

MARC

LEADER 00000nam a2200000 i 4500
001 1/2748
008 960227s1992 fre d
020 |a 2-86260-354-6 
035 |l 10014973 
040 |a GR-MY-UA  |b gre  |e aacr 
041 0 |a fre 
082 0 |a 306.6 
245 1 0 |a Dieux en societes :  |b le religieux et le politique /  |c Dirige par Richard Figuier 
260 |a Paris :   |b Autrement,   |c 1992 
300 |a 181 p. 
490 1 |a Mutations  |v ; 127 
650 0 0 |a Religion and politics. 
700 1 |a Figuier, Richard.  |4 edt 
830 0 |a Mutations ;  |v ; 127 
852 |a INST  |b LESVOS  |e 19960227  |h 306.6 DIE  |p 005100007201  |q 005100007201  |t BK  |y 0 
909 |a Λ  |b 034890 
922 |a 1ΔΩΡ  |b 199401  |c ΤΚΑ